Contact zones: heterogeneity and boundaries in Caribbean Central America at the star of the twentieth century /

Збережено в:
Бібліографічні деталі
Автор: Putnam, Lara
Формат: Невідомо
Мова:Spanish
Опубліковано: Madrid: Iberoamericana, 2006.
Онлайн доступ:http://www.iai.spk-berlin.de/fileadmin/dokumentenbibliothek/Iberoamericana/2006/Nr_23/23_Putnam.pdf
Теги: Додати тег
Немає тегів, Будьте першим, хто поставить тег для цього запису!

MARC

LEADER 00000 a2200000 4500
008 150714s2006 sp ||||| |||| 00| b spa d
022 |a 1577-3388 
040 |a CIICLA 
041 |a spa 
090 |a 900  |b I 
100 1 |a Putnam, Lara 
245 1 0 |a Contact zones: heterogeneity and boundaries in Caribbean Central America at the star of the twentieth century /  |c Lara Putnam 
260 |a Madrid:  |b Iberoamericana,  |c 2006. 
300 |a 113-141 páginas 
773 1 |x 1577-3388  |d Madrid : Iberoamericana, 2001-  |t Iberoamericana. Nueva época: América Latina, España, Portugal  |g Volumen 6, número 23 (2006)  |q páginas 113-141 
856 3 0 |u http://www.iai.spk-berlin.de/fileadmin/dokumentenbibliothek/Iberoamericana/2006/Nr_23/23_Putnam.pdf 
942 |2 ddc  |c ARC 
999 |c 4385  |d 4385